Cardiometabolismo. (Registro nro. 2841)
[ vista simple ]
| 000 -LEADER | |
|---|---|
| fixed length control field | 01138nam a2200325 a 4500 |
| 008 - CAMPO DE CONTROL (LIBRO) | |
| fixed length control field | 181217e2017 ag ||||| |||| 001 0 spa d |
| 041 ## - CODIGO DE IDIOMA | |
| Código de idioma del texto/pista de sonido o título separado | spa |
| 092 ## - SIGNATURA TOPOGRAFICA DEWEY LOCAL | |
| número de clasificación | 616.1 |
| libristica | 49 |
| sección | LOP |
| 100 1# - ENTRADA PRINCIPAL--NOMBRE PERSONAL | |
| Nombre personal | López Santi, Ricardo |
| 9 (RLIN) | 4003 |
| 245 ## - TITULO PROPIAMENTE DICHO | |
| Título | Cardiometabolismo. |
| Subtítulo y Título paralelo | De la fisiopatología a la terapéutica / |
| Mención de responsabilidad y remanente de la transcripción de la portada | Ricardo López Santi |
| 250 ## - MENCION DE EDICION | |
| Mención de edición | 2a ed. |
| 260 ## - PIE DE IMPRENTA | |
| Lugar de publicación, distribución, etc | Buenos Aires: |
| Nombre de la editorial, distribuidor, etc | Gador; |
| Fecha de publicación | 2017. |
| 300 ## - DESCRIPCION FISICA | |
| Extension | 337 p. |
| 500 ## - NOTA GENERAL | |
| Nota general | López Santi, R., Lorenzatti, A. J. y Piskorz, D. (2017). Cardiometabolismo. De la fisiopatología a la terapéutica. (2a ed.). Buenos Aires : Gador. |
| 590 ## - NOTAS LOCALES (RLIN) | |
| Nota local | Donacion Dic/18 Dr. Centurion |
| 653 1# - TÉRMINO INDIZADO - PALABRAS CLAVES | |
| Palabra clave | Riesgo cardiometabolico |
| 653 1# - TÉRMINO INDIZADO - PALABRAS CLAVES | |
| Palabra clave | Magnitud del problema |
| 653 1# - TÉRMINO INDIZADO - PALABRAS CLAVES | |
| Palabra clave | Adipogenesis |
| 653 1# - TÉRMINO INDIZADO - PALABRAS CLAVES | |
| Palabra clave | Insulinorresistencia |
| 653 1# - TÉRMINO INDIZADO - PALABRAS CLAVES | |
| Palabra clave | Aterogenesis |
| 653 1# - TÉRMINO INDIZADO - PALABRAS CLAVES | |
| Palabra clave | Mirada clinica |
| 653 1# - TÉRMINO INDIZADO - PALABRAS CLAVES | |
| Palabra clave | Marcadores biologicos |
| 653 1# - TÉRMINO INDIZADO - PALABRAS CLAVES | |
| Palabra clave | Marcadores de daño en organo blanco subclinico |
| 653 1# - TÉRMINO INDIZADO - PALABRAS CLAVES | |
| Palabra clave | Condiciones asociadas |
| 653 1# - TÉRMINO INDIZADO - PALABRAS CLAVES | |
| Palabra clave | Enfoque terapeutico integral |
| 653 1# - TÉRMINO INDIZADO - PALABRAS CLAVES | |
| Palabra clave | Abordaje poblacional |
| 700 1# - ENTRADAS SECUNDARIAS - NOMBRE PERSONAL | |
| Nombre personal | Lorenzatti, Alberto J. |
| 9 (RLIN) | 4004 |
| 700 1# - ENTRADAS SECUNDARIAS - NOMBRE PERSONAL | |
| Nombre personal | Piskorz, Daniel |
| 9 (RLIN) | 4005 |
| 942 ## - ADDED ENTRY ELEMENTS (KOHA) | |
| Source of classification or shelving scheme | Dewey Decimal Classification |
| Item type | Libros |
| Estado de retiro | Existencia | Fuente de clasificación | Estado general | No para prestamo | Colección | Ubicación permanente | ubicación actual | Sala de ubicación | Fecha de adquisición | Fuente de adquisición | Total Checkouts | Número de clasificación | Código de barras | Date last seen | Número de ejemplar | Price effective from | Koha tipo de elemento (item) | Public note |
|---|---|---|---|---|---|---|---|---|---|---|---|---|---|---|---|---|---|---|
| Dewey Decimal Classification | Non-fiction | Biblioteca Medicina | Biblioteca Medicina | Circulación | 17/12/2018 | Donacion | 616.1 49 LOP | 4367 | 17/12/2018 | Ej. 1 | 17/12/2018 | Libros | Donacion Dic/18 Dr, Centurion |